000 00681nam a2200145Ia 4500
008 151213s9999 xx 000 0 und d
100 _aসমানিক বন্দ্যোপাধ্যায়। জন্মশতবর্ষ।
245 _aীউত্তরাধিকার।
_cসমানিক বন্দ্যোপাধ্যায়। জন্মশতবর্ষ।
260 _aঢাকা।
_bবাংলা একাডেমী।
_c2008
300 _a9281 p.
650 _aBangla
650 _aজীবন্
700 _aসমানিক বন্দ্যোপাধ্যায়। জন্মশতবর্ষ।
999 _c4747
_d4747